Legal case news (Record no. 83697)

MARC details
000 -LEADER
fixed length control field 01369cab a22002055a 4500
001 - CONTROL NUMBER
control field L154644
008 - FIXED-LENGTH DATA ELEMENTS--GENERAL INFORMATION
fixed length control field 120109e20100528xxk 000 0 eng d
035 ## - SYSTEM CONTROL NUMBER
System control number (Sirsi) u154644
041 0# - LANGUAGE CODE
Language code of text/sound track or separate title eng
100 1# - MAIN ENTRY--PERSONAL NAME
Personal name Gordon, Warren
245 00 - TITLE STATEMENT
Title Legal case news
Remainder of title time is money when brokering a deal over breaking leases, Hotgroup plc v Royal Bank of Scotland plc (as trustee of Schroder Exempt Property Unit Trust)
260 ## - PUBLICATION, DISTRIBUTION, ETC.
Date of publication, distribution, etc. 2010
490 #0 - SERIES STATEMENT
Series statement Property Week
Volume/sequential designation 76 (25) 28 May 2010, 64(1)
520 ## - SUMMARY, ETC.
Summary, etc. [2010] EWHC 1241 (Ch), 28 May 2010. Highlights the importance of ensuring any notices to terminate a lease are served in accordance with its provisions. Failure to do so may lead to an inability to terminate a lease early with a serious impact on the financial position of the party serving the notice. Claimant commercial tenant H sought a declaration that it had validly exercised a break clause in a lease of commercial premises as against the defendant landlord R. R contended that H had failed to inform property manager S in time. "Held": found for defendant R because claimant H had not exercised its break properly.
590 ## - LOCAL NOTE (RLIN)
Local note KA
650 24 - SUBJECT ADDED ENTRY--TOPICAL TERM
Topical term or geographic name entry element HOTGROUP V ROYAL BANK OF SCOTLAND
651 #4 - SUBJECT ADDED ENTRY--GEOGRAPHIC NAME
Geographic name England and Wales
Chronological subdivision 1543-
690 ## - LOCAL SUBJECT ADDED ENTRY--TOPICAL TERM (OCLC, RLIN)
Topical term or geographic name as entry element PROPERTY-COMMERCIAL PROPERTY-LEASEHOLD COMMERCIAL PROPERTY-COMMERCIAL LANDLORD AND TENANT-COMMERCIAL LEASES
942 ## - ADDED ENTRY ELEMENTS (KOHA)
Suppress in OPAC 0
Holdings
Withdrawn status Lost status Source of classification or shelving scheme Damaged status Not for loan Home library Current library Shelving location Date acquired Total Checkouts Full call number Barcode Date last seen Copy number Price effective from Koha item type
    Dewey Decimal Classification     London London Journal article 09/01/2012   L154644 154644-1001 06/08/2019 1 06/08/2019 Journal article